| 000 | 00413nam a2200157 i 4500 | ||
|---|---|---|---|
| 001 | 90071 | ||
| 003 | ES-MaACL | ||
| 005 | 20230906180336.0 | ||
| 007 | t| | ||
| 008 | 050118s1932 fr ||||1| fre d | ||
| 100 | 1 |
_aLazenby, Ch. _970818 |
|
| 245 | 1 | 3 |
_aLe serviteur / _cCh Lazenby. |
| 260 |
_aParis : _bEdition du Trait d'Union, _c1932 ( _fImp. Union) |
||
| 300 |
_a120 p. ; _c19 cm. |
||
| 852 |
_aES-MaACL _jA-1088 |
||
| 999 |
_c90071 _d90071 |
||